000 00679nam a2200205Ii 4500
003 JO-AjNU
008 230606s9999||||xx |||||||||||||| ||und||
020 _a0-618-12422-5/ 0-618-12424-1
040 _aJO-AjNU
_beng
_erda
_cJO-AjNU
041 _aeng
050 1 4 _aHF5635 . N35 2002
100 3 _aNeedles,Belverd E / Powers,Marian / Crosson, Susan V,
_eauthor
_93345
245 0 0 _aPrinciples of Accounting
264 3 1 _aBoston,New York : Houghton Mifflin Company,2002
300 _a1249p
_b Includes appendix indexes (p1191-1249)
336 _atext
_btxt
_2rdacontent
337 _aunmediated
_bn
_2rdamedia
338 _avolume
_bnc
_2rdacarrier
650 4 _aAccounting
_93346
999 _aE1748
_c1748
_d1748